Countries With The Most Armenian Diaspora - Statistics

General Stats
  • This quiz has been taken 125 times
  • The average score is 9 of 15
Answer Stats
Number Of Ethnic Armenians Country % Correct
485,970 United States
100%
1,182,388 Russia
98%
63,810 Canada
84%
168,102 Georgia
80%
99,900 Ukraine
78%
19,241 Australia
63%
8,512 Belarus
60%
13,776 Kazakhstan
60%
3,000 Poland
55%
50,537 Uzbekistan
52%
6,552 Bulgaria
48%
33,638 Turkmenistan
42%
3,293 Hungary
38%
1,831 Cyprus
34%
2,632 Latvia
22%
No matching quizzes found
Score Distribution
Percent of People with Each Score
Percentile by Number Answered
Your Score History
You have not taken this quiz